000 00254nam a2200109Ia 4500
008 190912s9999||||xx |||||||||||||| ||und||
100 _aW. Karnowski
245 0 _aRoshen Ali Bhimjee
260 _aLahore
_bPrentice Hall
_c2001
300 _a359
942 _cBK
999 _c7723
_d7723